LEADER 01007nam a2200265 u 4500 001 000000026643 003 CaOOAMICUS 005 20070226111611.0 008 950910s1656 it u000 u lat u 035 $a10688554 040 $aPUL(R)$bita 100 1 $aVolpe, Marcello.$0(OLS)http://pul/name/21881 245 10$aPraxis iudicialis fori ecclesiastici ... /$cauthore Marcello Vulpe. 260 $aVenetiis :$bapud Baba,$c1656. 300 $a[8], 470, [34] p. ;$c24 cm 500 $aContiene indici. 650 4$aDiritto ecclesiastico.$0(OLS)http://pul/subject/6 850 $aPUL 852 $aPUL$W1$xDP1 Antico 600$y25$m154 A 2$j37200$nBK-PRI$b $qStampati Antico$B37200$CPULBib$Z2$F37200 $H $81 941 1 $a15 960 $aDiritto e religione$96 960 $aDiritto e religione$96 961 $aINV: 292 996 $6245$aPraxis iudicialis fori ecclesiastici ...$9(OLS)http://pul/title/36531 996 $6260$aVenetiis :$bapud Baba$9(OLS)http://pul/publisher/59412 LEADER 01232nam a2200301 u 4500 001 000000057772 003 CaOOAMICUS 005 20070226120623.0 008 010516s1993 it u000 u ita u 020 $a8826309620 035 $a10889109 040 $aPUL(R)$bita 245 00$aApostolo - Discepolo - Missione /$channo collaborato: Augusto Barbi ... [et al.]. 260 $aRoma :$bBorla,$cc1993. 300 $a359 p. ;$c21 cm 490 1 $aDizionario di spiritualitą biblico-patristica ;$v4 504 $aBibliografia: p. 357-358. 650 4$aPadri della Chiesa.$0(OLS)http://pul/subject/533 650 4$aApostoli.$0(OLS)http://pul/subject/1405 700 1 $aBarbi, Augusto.$0(OLS)http://pul/name/1977 830 0$aDizionario di spiritualitą biblico-patristica ;$v4.$0(OLS)http://pul/title/65660 850 $aPUL 852 $aPUL$W1$xSL Cons. Gen., Altre Classi 1$y1$m2016.E$j75399$nBK-PRI$b $qStampati$B75498$CPULBib$Z2$F75498 $H $81 941 1 $a8 961 $aINV: 70446 996 $6020$a8826309620$9(OLS)http://pul/number/73055 996 $6245$aApostolo - Discepolo - Missione$9(OLS)http://pul/title/77343 996 $6260$aRoma :$bBorla$9(OLS)http://pul/publisher/48061